000
00244nam a2200097Ia 4500
008
190216s9999||||xx |||||||||||||| ||und||
100
_a
Null
245
0
_a
Hindi-Ajay Ka Kavya Yek Visleshana
260
_b
Poomkavanam Books Publishers
942
_c
BK
999
_c
17037
_d
17037